| 000 | nam a22 7a 4500 | ||
|---|---|---|---|
| 999 |
_c15424 _d15424 |
||
| 008 | 161101b xxu||||| |||| 00| 0 eng d | ||
| 020 | _a9780205393749 | ||
| 050 | _aLC 3981 .S56 2003 | ||
| 100 | _aSmith,Deborah Deutch | ||
| 245 |
_aIntroduction to Special Education : _bteaching in an age of opportunity/ _cDeborah Deutsch Smith |
||
| 250 | _a5th ed. | ||
| 260 |
_aBoston : _bPearson education , _cc2004 |
||
| 300 |
_axxviii, 564p. : _bill. ; |
||
| 500 | _aIncludes References and index. | ||
| 650 |
_aSpecial education _zUnited States |
||
| 942 |
_2lcc _cBOOKS _hLC 3981 .S56 2003 |
||